000 00961nam a22002417a 4500
999 _c2560
_d2560
003 AR-CdUCM
008 190304b ||||| |||| 00| 0 spa d
020 _a978-9972-229-24-4
040 _aMUNICIPALIDAD PROVINCIAL DEL CUSCO
_cBIBLIOTECA MUNICIPAL DEL CUSCO
082 _a343.8C7 /
_bH83
100 _aHuamaní Cueva, Rosendo
_99051
245 _aCódigo tributario comentado /
260 _aLima :
_bJurista Editores,
_c2009.
300 _a1253 páginas ;
_c24 cm.
505 _aContenido: La obligación tributaria -- La administración tributaria y los administrados -- Procedimientos tributarios -- Infracciones, sanciones y delitos ...
650 _aCódigo tributario (1996)
_99052
650 _aLegislación - Perú
_94735
650 _aCódigo tributario - Perú
_99053
650 _aCódigo tributario - Interpretación y aplicación
_99054
650 _aImpuestos - Legislación
_99055
942 _2ddc
_cLIBROS
945 _alccs
_d2019-03-04